Appropriate rate of 2.4 D (zico 720 SL) to control weed and effect on rice and fish in battambang province, បរិមាណសមស្របនៃថ្នំា ២,៤​ ឌី (ហ្ស៊ីកូ ៧២០ អេសអិល) ក្នុងការកំចាត់ស្មៅ និងឥទ្ធិពលរបស់វាចំពោះដំណាំស្រូវ និងត្រី នៅក្នុងខេត្តបាត់ដំបង (Record no. 6759)

000 -LEADER
fixed length control field 00849nam a22001337a 4500
040 ## - CATALOGING SOURCE
Transcribing agency RUA
082 ## - DEWEY DECIMAL CLASSIFICATION NUMBER
Classification number MGR SOU 2009 B397 Or.1
100 ## - MAIN ENTRY--AUTHOR NAME
Personal name SOU SAVORN ; ស៊ូ សាវ៉ន
245 ## - TITLE STATEMENT
Title Appropriate rate of 2.4 D (zico 720 SL) to control weed and effect on rice and fish in battambang province, បរិមាណសមស្របនៃថ្នំា ២,៤​ ឌី (ហ្ស៊ីកូ ៧២០ អេសអិល) ក្នុងការកំចាត់ស្មៅ និងឥទ្ធិពលរបស់វាចំពោះដំណាំស្រូវ និងត្រី នៅក្នុងខេត្តបាត់ដំបង
260 ## - PUBLICATION, DISTRIBUTION, ETC. (IMPRINT)
Place of publication Phnom Penh
Name of publisher RUA
Year of publication 2009
300 ## - PHYSICAL DESCRIPTION
Number of Pages xiv ;64p.
Other physical details ill.
Dimensions 29cm.
856 ## - ELECTRONIC LOCATION AND ACCESS
Uniform Resource Identifier https://drive.google.com/file/d/1EQqk_34txCVscY0m4OYGg2upVQTxeZmH/view?usp=sharing
942 ## - ADDED ENTRY ELEMENTS (KOHA)
Koha item type MGR
952 ## - LOCATION AND ITEM INFORMATION (KOHA)
Withdrawn status [LOCAL, KOHA] 0
952 ## - LOCATION AND ITEM INFORMATION (KOHA)
Withdrawn status [LOCAL, KOHA] 0
952 ## - LOCATION AND ITEM INFORMATION (KOHA)
Withdrawn status [LOCAL, KOHA] 0
952 ## - LOCATION AND ITEM INFORMATION (KOHA)
Withdrawn status [LOCAL, KOHA] 0
952 ## - LOCATION AND ITEM INFORMATION (KOHA)
Withdrawn status [LOCAL, KOHA] 0
952 ## - LOCATION AND ITEM INFORMATION (KOHA)
Withdrawn status [LOCAL, KOHA] 0
952 ## - LOCATION AND ITEM INFORMATION (KOHA)
Withdrawn status [LOCAL, KOHA] 0
952 ## - LOCATION AND ITEM INFORMATION (KOHA)
Withdrawn status [LOCAL, KOHA] 0
952 ## - LOCATION AND ITEM INFORMATION (KOHA)
Withdrawn status [LOCAL, KOHA] 0
952 ## - LOCATION AND ITEM INFORMATION (KOHA)
Withdrawn status [LOCAL, KOHA] 0
Holdings
Permanent Location Date acquired Koha item type Lost status Shelving location Barcode Current Location Full call number
Library Block B2016-02-15MGR B397RUA047930Library Block BMGR SOU 2009 B397 Or.1
Library Block B2016-02-15MGR B397RUA048296Library Block BMGR SOU 2009 B397 Or.2
Library Block B2016-02-15MGR B397RUA048957Library Block BMGR SOU 2009 B397 Or.3
Library Block B2016-02-15MGR B397RUA049395Library Block BMGR SOU 2009 B397 Or.4
Library Block B2016-02-15MGR B397RUA050265Library Block BMGR SOU 2009 B397 Or.5
Library Block B2016-02-15MGR B397RUA048997Library Block BMGR SOU 2009 B397 Or.6
Library Block B2016-02-15MGR B397RUA050092Library Block BMGR SOU 2009 B397 Or.7
Library Block B2016-02-15MGR B397RUA049024Library Block BMGR SOU 2009 B397 Or.8
Library Block B2016-02-15MGR B397RUA050141Library Block BMGR SOU 2009 B397 Or.9
Library Block B2016-02-15MGR B397RUA050686Library Block BMGR SOU 2009 B397 Or.10
មជ្ឈមណ្ឌលឯការនៃសាកលវិទ្យាល័យភូមិន្ទកសិកម្មចំការដូង

Powered by Koha